Southville International School and Colleges
Your cart is empty.
  • Cart
  • Lists
    Public lists Eva Luna New books Lux_list list_1
    Your lists Log in to create your own lists
  • Log in to your account
  • Your cookies
  • Search history
Southville International School and Colleges
  • Advanced search
  • Recent comments
  • Most popular
  • Libraries

Log in to your account

Log in with GOOGLE


If you do not have an external account, but do have a local account, you can still log in:

  1. Home
  2. MARC view: Bato Balani : for science and technology SY '95-'96 :
Normal view MARC view ISBD view

Bato Balani : for science and technology SY '95-'96 : (Record no. 3203)

[ view plain ]
MARC details
000 -LEADER
fixed length control field 00576nam a22001937a 4500
003 - CONTROL NUMBER IDENTIFIER
control field OSt
005 - DATE AND TIME OF LATEST TRANSACTION
control field 20140310181751.0
008 - FIXED-LENGTH DATA ELEMENTS--GENERAL INFORMATION
fixed length control field 130627t xxu||||| |||| 00| 0 eng d
020 ## - INTERNATIONAL STANDARD BOOK NUMBER
International Standard Book Number 9789714801349
050 ## - LIBRARY OF CONGRESS CALL NUMBER
Classification number Q 1
Item number .B334 1995
082 ## - DEWEY DECIMAL CLASSIFICATION NUMBER
Classification number FIL 505
Item number B31 1995
245 ## - TITLE STATEMENT
Title Bato Balani : for science and technology SY '95-'96 :
Remainder of title freshman, sophomore, Junior, senior /
Statement of responsibility, etc edited by Lourdes F. Lozana.
260 ## - PUBLICATION, DISTRIBUTION, ETC. (IMPRINT)
Place of publication, distribution, etc Makati City :
Name of publisher, distributor, etc Diwa Scholastic Press,
Date of publication, distribution, etc 1995.
300 ## - PHYSICAL DESCRIPTION
Extent 463 p. ;
Dimensions 25 cm.
562 ## - COPY AND VERSION IDENTIFICATION NOTE
Number of copies 1
650 ## - SUBJECT ADDED ENTRY--TOPICAL TERM
Topical term or geographic name as entry element Science
942 ## - ADDED ENTRY ELEMENTS (KOHA)
Source of classification or shelving scheme Library of Congress Classification
Koha item type Books
Holdings
Withdrawn status Lost status Source of classification or shelving scheme Damaged status Home library Current library Shelving location Date acquired Total Checkouts Full call number Barcode Date last seen Copy number Price effective from Koha item type
    Library of Congress Classification   Luxembourg Library Luxembourg Library Filipiniana Section 06/27/2013   Q 1 .B334 1995 vol.15 7610 08/13/2013 1 06/27/2013 Books

Bato Balani : for science and technology SY '95-'96 :

APA

(1995). Bato Balani : for science and technology SY '95-'96. Makati City: Diwa Scholastic Press.

Chicago

1995. Bato Balani : for science and technology SY '95-'96. Makati City: Diwa Scholastic Press.

Harvard

(1995). Bato Balani : for science and technology SY '95-'96. Makati City: Diwa Scholastic Press.

MLA

Bato Balani : for science and technology SY '95-'96. Makati City: Diwa Scholastic Press. 1995.

  • Place hold
  • Print
  • Cite
  • Add to your cart (remove)
  • Save record
    BIBTEX Dublin Core MARCXML MARC (non-Unicode/MARC-8) MARC (Unicode/UTF-8) MARC (Unicode/UTF-8, Standard) MODS (XML) RIS
  • More searches
    Search for this title in:
    Other Libraries (WorldCat) Other Databases (Google Scholar) Online Stores (Bookfinder.com) Open Library (openlibrary.org)

Exporting to Dublin Core...

SOUTHVILLE LIBRARY

Southville International School and Colleges Library

1281 Tropical Ave. Cor. Luxembourg St., BF Homes International, Las Pinas City

Tel. No. 8256374 / 252358 Loc. 117/146

Powered by Koha